Catálogo

Vista normal Vista MARC

Entrada Personal Name

Número de registros utilizados en: 2

001 - CONTROL NUMBER

  • control field: 3242

003 - CONTROL NUMBER IDENTIFIER

  • control field: OSt

005 - DATE AND TIME OF LATEST TRANSACTION

  • control field: 20211207152554.0

008 - FIXED-LENGTH DATA ELEMENTS

  • fixed length control field: 170207 a|ac|n|aab||||||||||||a |n|||||||

010 ## - LIBRARY OF CONGRESS CONTROL NUMBER

  • LC control number: 82253700

040 ## - CATALOGING SOURCE

  • Original cataloging agency: DLC
  • Transcribing agency: Mx-PuUPA
  • Language of cataloging: spa
  • Modifying agency: Uk
  • Modifying agency: Mx-PuUPA
  • Description conventions: rda

046 ## - SPECIAL CODED DATES

  • Birth date: 1939

100 1# - HEADING--PERSONAL NAME

  • Personal name: Kindt, Thomas J.,
  • Dates associated with a name: 1939-

374 ## - OCCUPATION

  • Occupation: Autor

375 ## - GENDER

  • Gender: hombre

377 ## - ASSOCIATED LANGUAGE

  • Language code: eng

670 ## - SOURCE DATA FOUND

  • Source citation: His The antibody enigma, c1984: |b
  • Information found: CIP t.p. (Thomas J. Kindt; Nat. Institute of Allergy and Infectious Diseases, NIH, Bethesda, Md.) data sheet (b. 1939)

670 ## - SOURCE DATA FOUND

  • Source citation: Biblioteca del congreso (Estados Unidos), 15 agosto 2018:
  • Information found: catálogo electrónico
  • Uniform Resource Identifier: https://goo.gl/GgRqD1